Statistics for Idaho Counties Quiz

Click here to take the quiz!

General Stats

  • This quiz has been taken 4,779 times
  • The average score is 26 of 44

Answers on the Map

Answers color-coded by a green-red scale on the quiz's map according to % correct below.
Loading ...
 

Answer Stats

County% Correct
Ada
89%
Boise
86%
Idaho
79%
Washington
78%
Jefferson
75%
Adams
74%
Madison
70%
Lincoln
69%
Boundary
68%
Twin Falls
66%
Clark
64%
Lewis
64%
Bonner
64%
Teton
63%
Nez Perce
63%
Franklin
62%
Canyon
62%
Owyhee
61%
Bonneville
61%
Shoshone
60%
Blaine
60%
Bear Lake
59%
Bannock
59%
Gem
58%
Custer
57%
Kootenai
57%
Lemhi
56%
Bingham
55%
Latah
55%
Cassia
54%
Valley
52%
Butte
51%
Caribou
51%
Clearwater
51%
Jerome
51%
Fremont
51%
Benewah
51%
Camas
50%
Payette
50%
Elmore
48%
Gooding
47%
Power
47%
Minidoka
46%
Oneida
45%

Score Distribution

Percentile by Number Answered

Percent of People with Each Score

Your Score History

You have not taken this quiz